000 00565nam a2200169 4500
001 122328
003 ES-MaACL
005 20230906191945.0
007 t|
008 070214s1981 sp r ||||1| spa d
100 1 _aPrieto Escudero, Germán.
_993926
245 1 0 _aProspección del fenómeno sociológico /
_cGermán Prieto Escudero.
260 _aMadrid :
_b[s. n.],
_c1981 (
_fImp. Taravilla)
300 _a9 h. ;
_c24 cm.
500 _aEs tirada aparte de: Revista Internacional de Sociología, 1981, pp. 487 - 504.
852 _aES-MaACL
_j2125-F-14
_bR.104076
999 _c122328
_d122328